000 00798nam a22002177a 4500
999 _c20085
_d20085
003 AR-CdUCM
008 190322b ||||| |||| 00| 0 spa d
040 _aMUNICIPALIDAD PROVINCIAL DEL CUSCO
_cBIBLIOTECA MUNICIPAL DEL CUSCO
082 _a510.7 /
_bT79
100 _aTrejo, Cesar A.
_922954
245 _aCiclo medio de matemática moderna primer curso /
260 _aBuenos Aires :
_bEditorial universitaria de buenos aires,
_c1966.
300 _a375 paginas ;
_c24 cm.
505 _aContenido : Marcando puntos y trazando rectas -- Planos -- La demostración -- Conjuntos -- Inclusión e implicación...
650 _aMatemática pura
_920304
650 _aParalelismo
_929981
650 _aGeometría
_918656
700 _aBosch, Jorge E.
_936390
942 _2ddc
_cLIBROS
945 _arcc